00529nam a2200193Ia 45000010005000000030007000050050017000120080041000290400011000700410008000810800020000891000030001092450080001392640018002193000021002376530023002586530025002816530029003062351GE_BSU20221027130619.0181216s2009bu xx |||||||||||||| ||bul|| cGE_BSU abul a327(479.2) W-81 aKristina Popova и др. aWomen and minorities:Ways of archivingbVol.1c Popova Kristina и др. aSofia,b2009. a293 c. :b24 cm. aWays of archiving. aWomen and minorities aპლოიტიკა